[Event "XIII Festival A"]
[Site "Porto San Giorgio ITA"]
[Date "2001.08.23"]
[Round "3"]
[White "Sibilio, Mario"]
[Black "Inkiov, Ventzislav V."]
[Result "0-1"]
[WhiteElo "2370"]
[BlackElo "2470"]
[PlyCount "108"]
[EventDate "2001.08.21"]

1.d4 Nf6 2.c4 e6 3.Nc3 Bb4 4.Bg5 c5 5.d5 h6 6.Bh4 Bxc3+ 7.bxc3 d6 8.f3 e5 
9.e4 Nbd7 10.Ne2 Nf8 11.Rb1 g5 12.Bf2 Ng6 13.Qd2 Qe7 14.Be3 Nh5 15.Rb3 Nh4
16.Ng1 f5 17.g3 f4 18.Bf2 Ng6 19.g4 Nf6 20.h4 gxh4 21.Qb2 Nh7 22.Nh3 Ng5 
23.Nxg5 hxg5 24.Bh3 b6 25.Ra3 O-O 26.O-O Nh8 27.Rb1 Nf7 28.Qe2 Bd7 29.Be1 
Rfb8 30.Rab3 Nd8 31.R3b2 Nb7 32.Qc2 Na5 33.Bf1 Qe8 34.Bd3 Bc8 35.Bf1 Ba6 
36.Rb5 Bxb5 37.cxb5 a6 38.Bf2 c4 39.Rb4 axb5 40.Qb1 Ra7 41.Qb2 Nb7 42.Rxb5
Rxa2 43.Qxa2 Qxb5 44.Qa7 Qe8 45.Bxc4 Nc5 46.Bb5 Qd8 47.Bc6 Rc8 48.c4 Qc7 
49.Qa3 Qb8 50.Kg2 Rc7 51.Qb4 Qa7 52.Kh2 Qa5 53.Qb1 Ra7 54.Bxc5 Qxc5 0-1

[Event "XIII Festival A"]
[Site "Porto San Giorgio ITA"]
[Date "2001.08.23"]
[Round "3"]
[White "Todorov, Ognjan"]
[Black "Popchev, Milko"]
[Result "1/2-1/2"]
[WhiteElo "2349"]
[BlackElo "2447"]
[PlyCount "43"]
[EventDate "2001.08.21"]

1.c4 e5 2.g3 Nc6 3.Bg2 g6 4.Nc3 Bg7 5.e4 d6 6.d3 Nge7 7.Nge2 O-O 8.O-O f5 
9.Be3 Nd4 10.f4 fxe4 11.dxe4 c5 12.Qd2 Be6 13.b3 Nec6 14.Rae1 Nxe2+ 15.
Rxe2 Nd4 16.Ref2 Qd7 17.fxe5 dxe5 18.Rxf8+ Rxf8 19.Rxf8+ Bxf8 20.Nd5 Bg7 
21.Bg5 b6 22.Qf2 1/2-1/2

[Event "XIII Festival A"]
[Site "Porto San Giorgio ITA"]
[Date "2001.08.23"]
[Round "3"]
[White "Tomescu, Vlad"]
[Black "Glek, Igor V."]
[Result "1/2-1/2"]
[WhiteElo "2417"]
[BlackElo "2574"]
[PlyCount "83"]
[EventDate "2001.08.21"]

1.d4 f5 2.c4 Nf6 3.g3 e6 4.Bg2 Bb4+ 5.Bd2 Bxd2+ 6.Qxd2 O-O 7.Nc3 d5 8.Nf3 
c6 9.Ne5 Nbd7 10.Nxd7 Bxd7 11.cxd5 exd5 12.O-O Qe7 13.Rac1 Ne4 14.Nxe4 
dxe4 15.f4 Be6 16.a3 Rfd8 17.Qc3 Rd5 18.Rfd1 Rad8 19.b4 b6 20.Qxc6 Rxd4 
21.Rxd4 Rxd4 22.e3 Rd2 23.Bf1 h6 24.Qc7 Qf6 25.Rc2 Rd1 26.Rc1 Rd2 27.Rc2 
Rxc2 28.Qxc2 Qd8 29.Kf2 Kh7 30.Be2 Qd5 31.h3 a5 32.g4 axb4 33.axb4 Qd6 34.
b5 Bd7 35.gxf5 Bxf5 36.Bg4 Qd5 37.Qc6 Qd2+ 38.Be2 Bg6 39.Qc4 Qd8 40.Kg2 
Qd2 41.Kf2 Bf5 42.Qc6 1/2-1/2

[Event "XIII Festival A"]
[Site "Porto San Giorgio ITA"]
[Date "2001.08.23"]
[Round "3"]
[White "Trent, Lawrence"]
[Black "Ristic, Nenad"]
[Result "0-1"]
[WhiteElo "2249"]
[BlackElo "2424"]
[PlyCount "78"]
[EventDate "2001.08.21"]

1.e4 c5 2.Nf3 d6 3.Bb5+ Bd7 4.a4 Nf6 5.d3 Nc6 6.O-O e6 7.Re1 Be7 8.Nbd2 
O-O 9.Nc4 a6 10.Bxc6 Bxc6 11.a5 d5 12.exd5 Nxd5 13.Nfe5 Be8 14.Qg4 Kh8 15.
f4 Nb4 16.Qe2 f6 17.Nf3 Bf7 18.Be3 Qc7 19.Nb6 Rad8 20.Qf2 Rfe8 21.Ra3 Nd5 
22.Nxd5 exd5 23.Raa1 d4 24.Bd2 c4 25.Nxd4 Bc5 26.Rxe8+ Rxe8 27.Re1 Rd8 28.
Be3 Qxa5 29.Rd1 cxd3 30.c3 Qa4 31.Qd2 Bg6 32.Re1 Qd7 33.h3 Be4 34.Nb3 
Bxe3+ 35.Qxe3 f5 36.Nd2 Qc6 37.Qf2 h6 38.Qh4 Rd6 39.Qf2 Bxg2 0-1

[Event "XIII Festival A"]
[Site "Porto San Giorgio ITA"]
[Date "2001.08.23"]
[Round "3"]
[White "Voltolini, Giuseppe"]
[Black "Bottino, Alexiei"]
[Result "1/2-1/2"]
[WhiteElo "2266"]
[BlackElo "2117"]
[PlyCount "152"]
[EventDate "2001.08.21"]

1.d4 Nf6 2.c4 g6 3.Nc3 d5 4.Nf3 Bg7 5.Bg5 Ne4 6.Bf4 Nxc3 7.bxc3 O-O 8.e3 
c5 9.cxd5 cxd4 10.cxd4 Qa5+ 11.Qd2 Qxd5 12.Rc1 Be6 13.Bc4 Qxc4 14.Rxc4 
Bxc4 15.Ne5 Ba6 16.f3 Rd8 17.Qa5 Nd7 18.Nxd7 Rxd7 19.Kf2 Rc8 20.Kg3 e6 21.
h4 Rd5 22.Qa4 h5 23.Rd1 Bb5 24.Qb3 Bc6 25.Rc1 Rcd8 26.Kh2 Bf6 27.Bg3 e5 
28.dxe5 Bxe5 29.Bxe5 Rxe5 30.e4 Re6 31.Rc5 Rd7 32.Rg5 Rde7 33.e5 Kg7 34.f4
Be4 35.Qa4 Bf5 36.Qxa7 Ra6 37.Qc5 Ree6 38.a3 Ra4 39.Qe3 Rea6 40.Rg3 Re4 
41.Qd2 Rea4 42.Rb3 Rxa3 43.Rxb7 Ra7 44.Rb2 Ra8 45.Qd6 R3a6 46.Qe7 R8a7 47.
Qd8 Ra8 48.Qg5 Re6 49.Rd2 Rc8 50.Rf2 Ra8 51.Rf3 Rc8 52.Rg3 Kh7 53.Ra3 Kg7 
54.Ra7 Rce8 55.Qg3 R8e7 56.Ra3 Re8 57.Qf2 R8e7 58.Rg3 Re8 59.Rg5 Rg8 60.
Qf3 Kh6 61.Qb7 Kg7 62.Rg3 Rge8 63.Rc3 R8e7 64.Qb4 Re8 65.Rc7 Bg4 66.Qb7 
Rf8 67.Kg3 Bf5 68.Re7 Bg4 69.Rc7 Bf5 70.Kh2 Bg4 71.Rc3 Bf5 72.Rg3 Rg8 73.
Rg5 Kf8 74.Qa8+ Kg7 75.Qf3 Kh6 76.Rg3 Rge8 1/2-1/2

[Event "XIII Festival A"]
[Site "Porto San Giorgio ITA"]
[Date "2001.08.24"]
[Round "4"]
[White "Ager, Josef"]
[Black "Cerquitella, Luca"]
[Result "1/2-1/2"]
[WhiteElo "2248"]
[BlackElo "1909"]
[PlyCount "77"]
[EventDate "2001.08.21"]

1.Nf3 Nf6 2.d4 d5 3.g3 c5 4.Bg2 Bg4 5.O-O Nc6 6.Ne5 Bf5 7.Nxc6 bxc6 8.c4 
e6 9.Nc3 cxd4 10.Qxd4 Be7 11.Bf4 O-O 12.Na4 Ne4 13.Rac1 Bf6 14.Qd1 e5 15.
Bd2 Nxd2 16.Qxd2 e4 17.Rcd1 Bg5 18.Qd4 e3 19.f4 Bf6 20.Qxe3 Bc2 21.Rd2 
Bxa4 22.b3 Re8 23.Qf3 Qb6+ 24.Qf2 c5 25.bxa4 Bd4 26.Rxd4 cxd4 27.Bxd5 Rad8
28.f5 Re3 29.f6 Qxf6 30.Qe1 Qe5 31.Qa5 Rf8 32.Qxa7 Rxe2 33.Rxf7 Qe3+ 34.
Kh1 Re1+ 35.Kg2 Rg1+ 36.Kh3 Qh6+ 37.Kg4 Qg6+ 38.Kh4 Qh6+ 39.Kg4 1/2-1/2

[Event "XIII Festival A"]
[Site "Porto San Giorgio ITA"]
[Date "2001.08.24"]
[Round "4"]
[White "Aleksic, Nenad"]
[Black "Trent, Lawrence"]
[Result "1/2-1/2"]
[WhiteElo "2416"]
[BlackElo "2249"]
[PlyCount "37"]
[EventDate "2001.08.21"]

1.e4 e5 2.Nf3 Nc6 3.c3 d5 4.Qa4 Bd7 5.d3 Nf6 6.Qc2 Bd6 7.Be2 Qe7 8.O-O 
O-O-O 9.h4 Rdg8 10.a3 dxe4 11.dxe4 h6 12.Nfd2 Ne8 13.Nc4 f5 14.exf5 e4 15.
Nbd2 Bxf5 16.Nxd6+ Nxd6 17.Nc4 Rf8 18.Nxd6+ Qxd6 19.Be3 1/2-1/2

[Event "XIII Festival A"]
[Site "Porto San Giorgio ITA"]
[Date "2001.08.24"]
[Round "4"]
[White "Bondielli, Giorgio"]
[Black "Voltolini, Giuseppe"]
[Result "0-1"]
[WhiteElo "2012"]
[BlackElo "2266"]
[PlyCount "84"]
[EventDate "2001.08.21"]

1.e4 c5 2.d4 cxd4 3.c3 dxc3 4.Nxc3 Nc6 5.Nf3 e6 6.Bc4 a6 7.O-O Nge7 8.Bg5 
f6 9.Bh4 Ng6 10.Bg3 b5 11.Bb3 Be7 12.Qe2 Na5 13.Bc2 O-O 14.h4 Qb6 15.Rfd1 
Rd8 16.Rac1 Bb7 17.Bb1 Nc6 18.e5 f5 19.h5 Nf8 20.Bf4 Rdc8 21.a3 Qd8 22.b4 
Qe8 23.h6 Qg6 24.hxg7 Kxg7 25.Rd3 Kh8 26.Ne1 Rc7 27.Rg3 Qf7 28.Qd2 Ng6 29.
Nd5 exd5 30.e6 dxe6 31.Bxc7 Bh4 32.Rgc3 Qxc7 33.Rxc6 Bxc6 34.Qc3+ Kg8 35.
Qxc6 Qxc6 36.Rxc6 Kf7 37.Nf3 Bf6 38.Bc2 h6 39.Nd2 Bb2 40.a4 Ne7 41.Rc7 Be5
42.Rb7 Rc8 0-1

[Event "XIII Festival A"]
[Site "Porto San Giorgio ITA"]
[Date "2001.08.24"]
[Round "4"]
[White "Bottino, Alexiei"]
[Black "Sciortino, Massimo"]
[Result "1/2-1/2"]
[WhiteElo "2117"]
[BlackElo "2203"]
[PlyCount "49"]
[EventDate "2001.08.21"]

1.d4 f5 2.g3 e6 3.Bg2 Nf6 4.c4 Bb4+ 5.Nd2 a5 6.Nh3 O-O 7.O-O Bxd2 8.Bxd2 
d6 9.Rc1 Qe7 10.Qc2 Nc6 11.d5 Nb4 12.Bxb4 axb4 13.dxe6 c5 14.e4 Nxe4 15.
Rfe1 Qf6 16.f3 Ng5 17.Nxg5 Qxg5 18.f4 Qf6 19.Rcd1 Rxa2 20.Rxd6 Rxb2 21.e7 
Qxe7 22.Rxe7 Rxc2 23.Bd5+ Kh8 24.Rf7 Re8 25.Re7 1/2-1/2

[Event "XIII Festival A"]
[Site "Porto San Giorgio ITA"]
[Date "2001.08.24"]
[Round "4"]
[White "Castrogiovanni, Carlo"]
[Black "Rotstein, Arkadij"]
[Result "0-1"]
[WhiteElo "2076"]
[BlackElo "2499"]
[PlyCount "66"]
[EventDate "2001.08.21"]

1.Nf3 g6 2.c4 Bg7 3.Nc3 d6 4.g3 e5 5.d3 Nf6 6.Bg2 O-O 7.O-O Nc6 8.Bd2 h6 
9.Rb1 a5 10.a3 Be6 11.h3 Qd7 12.Kh2 d5 13.b4 axb4 14.axb4 dxc4 15.b5 Na5 
16.Nxe5 Qd4 17.Nf3 Qd8 18.d4 Nb3 19.e4 Nxd4 20.Nxd4 Qxd4 21.Qc1 Rfd8 22.
Be3 Qe5 23.Bf3 Rd3 24.Nd5 Nxe4 25.Ne7+ Kh7 26.Bf4 Qd4 27.Bxe4 Qxe4 28.b6 
c6 29.Re1 Qf3 30.Qc2 Re8 31.Rxe6 fxe6 32.Bd6 Qf7 33.Bc5 Rxe7 0-1

[Event "XIII Festival A"]
[Site "Porto San Giorgio ITA"]
[Date "2001.08.24"]
[Round "4"]
[White "Citti, Gianluca"]
[Black "Isonzo, David"]
[Result "1/2-1/2"]
[WhiteElo "2154"]
[BlackElo "2315"]
[PlyCount "93"]
[EventDate "2001.08.21"]

1.e4 c5 2.Nc3 d6 3.g3 Nc6 4.Bg2 g6 5.d3 Bg7 6.Be3 Rb8 7.Qd2 b5 8.Nge2 b4 
9.Nd1 Nd4 10.O-O e6 11.Nc1 Qa5 12.f4 Ne7 13.g4 f5 14.Nf2 fxg4 15.Nxg4 O-O 
16.h3 Bd7 17.Nb3 Qc7 18.Rab1 a5 19.c3 Nxb3 20.axb3 bxc3 21.bxc3 h5 22.Nh2 
a4 23.bxa4 Qa5 24.d4 c4 25.Nf3 Rb3 26.Rxb3 cxb3 27.Qb2 Bxa4 28.Ra1 Qb5 29.
Bf1 Qc6 30.Ng5 Ra8 31.Bd3 d5 32.Bd2 Bh6 33.exd5 exd5 34.Re1 Qd6 35.Re6 Qd7
36.f5 Bb5 37.Bb1 Bc4 38.Nf3 Bxd2 39.Qxd2 Ra1 40.Qb2 Qa7 41.f6 Qa2 42.fxe7 
Bb5 43.e8=Q+ Bxe8 44.Rxe8+ Kf7 45.Qxa1 Qxa1 46.Re1 Qxc3 47.h4 1/2-1/2

[Event "XIII Festival A"]
[Site "Porto San Giorgio ITA"]
[Date "2001.08.24"]
[Round "4"]
[White "Cocchi, Andrea"]
[Black "Della Pietra, Andrea"]
[Result "1-0"]
[WhiteElo "2270"]
[BlackElo "2186"]
[PlyCount "76"]
[EventDate "2001.08.21"]

1.e4 e6 2.Qe2 c5 3.g3 Nc6 4.Nf3 d6 5.Bg2 g6 6.c3 Bg7 7.O-O Nge7 8.Na3 O-O 
9.Nc2 d5 10.d4 cxd4 11.Ncxd4 dxe4 12.Qxe4 e5 13.Nxc6 Nxc6 14.Bg5 Qb6 15.
Qe2 Bf5 16.Be3 Qc7 17.Ng5 Rad8 18.Rad1 h6 19.Ne4 b6 20.Rxd8 Rxd8 21.Qc4 
Be6 22.Qxc6 Qxc6 23.Nf6+ Bxf6 24.Bxc6 Bg5 25.f4 exf4 26.gxf4 Bf6 27.Be4 
Bc4 28.Rf3 Bxa2 29.Bc2 Bd5 30.Rf1 Re8 31.Kf2 Bc4 32.Rd1 Rd8 33.Ra1 Rd7 34.
Be4 Bh4+ 35.Kf3 f5 36.Bc6 Rc7 37.Ba8 Rc8 38.Rxa7 Rxa8 1-0

[Event "XIII Festival A"]
[Site "Porto San Giorgio ITA"]
[Date "2001.08.24"]
[Round "4"]
[White "Coratella, Giuseppe"]
[Black "Bruno, Fabio"]
[Result "0-1"]
[WhiteElo "2163"]
[BlackElo "2260"]
[PlyCount "70"]
[EventDate "2001.08.21"]

1.e4 c5 2.Nf3 Nc6 3.d4 cxd4 4.Nxd4 Qb6 5.Nb3 Nf6 6.Nc3 e6 7.Bd3 a6 8.O-O 
Qc7 9.f4 d6 10.Be3 b5 11.Kh1 Bb7 12.a4 b4 13.Ne2 Na5 14.Nxa5 Qxa5 15.Ng3 
h5 16.Qf3 h4 17.Ne2 Qh5 18.h3 e5 19.c4 Be7 20.Nc1 Qh7 21.f5 g6 22.Bg5 Nd7 
23.Bxe7 Kxe7 24.f6+ Kf8 25.Nb3 g5 26.Rac1 g4 27.Qxg4 Bc8 28.Qf3 Rg8 29.c5 
Rg3 30.Qe2 d5 31.c6 Nxf6 32.Rxf6 Bxh3 33.gxh3 Rxh3+ 34.Kg2 Qg7+ 35.Kf1 
Rh1+ 0-1

[Event "XIII Festival A"]
[Site "Porto San Giorgio ITA"]
[Date "2001.08.24"]
[Round "4"]
[White "Corti, Corrado"]
[Black "Saccona, Silvano"]
[Result "1/2-1/2"]
[WhiteElo "2034"]
[BlackElo "2114"]
[PlyCount "103"]
[EventDate "2001.08.21"]

1.e4 c6 2.d4 d5 3.e5 Bf5 4.h4 h5 5.Nf3 e6 6.Bd3 Ne7 7.O-O Bxd3 8.Qxd3 Nf5 
9.g3 Qb6 10.c3 c5 11.Na3 Nc6 12.Nc2 g6 13.Bg5 Be7 14.Rfd1 Bxg5 15.Nxg5 
cxd4 16.cxd4 O-O 17.Kg2 Rac8 18.b3 Rc7 19.Nf3 Rfc8 20.Ne3 Nce7 21.Nxf5 
Nxf5 22.Qd2 Rc2 23.Qg5 R8c3 24.Rd2 Rxd2 25.Qxd2 Qc7 26.Ne1 b5 27.Rb1 b4 
28.Rb2 a5 29.Qf4 Rc1 30.Nf3 Rd1 31.Rd2 Rb1 32.Qg5 Ng7 33.Re2 Rc1 34.Rd2 
Rc3 35.Qf6 Qd7 36.Qg5 Nf5 37.g4 hxg4 38.Qxg4 Ng7 39.Qg5 Rc8 40.Nh2 Qd8 41.
Qxd8+ Rxd8 42.Rc2 Nf5 43.Nf3 Ra8 44.Rc7 a4 45.Rb7 axb3 46.axb3 Ra1 47.Rxb4
Rd1 48.Ra4 Rd3 49.Rb4 Kf8 50.Rb8+ Kg7 51.Rb7 Kf8 52.Rb8+ 1/2-1/2

[Event "XIII Festival A"]
[Site "Porto San Giorgio ITA"]
[Date "2001.08.24"]
[Round "4"]
[White "De Poi, Paolo"]
[Black "Gosio, Denis"]
[Result "1-0"]
[WhiteElo "2215"]
[BlackElo "2151"]
[PlyCount "87"]
[EventDate "2001.08.21"]

1.e4 c5 2.Nf3 e6 3.b3 d6 4.Bb5+ Bd7 5.Bxd7+ Nxd7 6.O-O Ngf6 7.Re1 Be7 8.
Bb2 O-O 9.c4 e5 10.Nc3 g6 11.d3 Re8 12.h3 Bf8 13.Bc1 Bg7 14.Be3 h6 15.Qd2 
Kh7 16.Rab1 b6 17.a3 Nb8 18.b4 Nc6 19.Qd1 Nd4 20.Nd2 Nc6 21.Nd5 Nxd5 22.
cxd5 Nd4 23.Bxd4 exd4 24.b5 Be5 25.Nc4 Qf6 26.a4 h5 27.Rb2 Kh6 28.g3 g5 
29.Kg2 Rg8 30.Qf3 Qe7 31.Ra1 Rg6 32.a5 bxa5 33.Nxa5 g4 34.hxg4 hxg4 35.Qf5
Kg7 36.Nc6 Qe8 37.Rba2 a5 38.bxa6 Rh6 39.Qxg4+ Rg6 40.Qf3 Qh8 41.Rh1 Rh6 
42.Rxh6 Qxh6 43.Qg4+ Kf8 44.a7 1-0

[Event "XIII Festival A"]
[Site "Porto San Giorgio ITA"]
[Date "2001.08.24"]
[Round "4"]
[White "Glek, Igor V."]
[Black "Bukal, Vladimir jr"]
[Result "1-0"]
[WhiteElo "2574"]
[BlackElo "2411"]
[PlyCount "65"]
[EventDate "2001.08.21"]

1.e4 e6 2.d4 d5 3.Nc3 Bb4 4.exd5 exd5 5.Bd3 Nc6 6.a3 Bxc3+ 7.bxc3 Nf6 8.
Ne2 O-O 9.O-O Bg4 10.f3 Bh5 11.Bg5 Bg6 12.Rb1 b6 13.Rb5 Re8 14.Ng3 Qd6 15.
Bxf6 Qxf6 16.Rxd5 Qe7 17.Qc1 Bxd3 18.cxd3 Qe6 19.Rb5 Rad8 20.Rb2 Qd6 21.
Rbf2 Qd5 22.Qf4 Qa5 23.Qxc7 Rc8 24.Qf4 Qxc3 25.Nf5 Re1 26.Qg4 g6 27.Nh6+ 
Kg7 28.Qxc8 Rxf1+ 29.Rxf1 Kxh6 30.Qf8+ Kg5 31.Qxf7 Qxd4+ 32.Kh1 Qxd3 33.
h4+ 1-0

[Event "XIII Festival A"]
[Site "Porto San Giorgio ITA"]
[Date "2001.08.24"]
[Round "4"]
[White "Inkiov, Ventzislav V."]
[Black "Laketic, Gojko"]
[Result "1-0"]
[WhiteElo "2470"]
[BlackElo "2444"]
[PlyCount "99"]
[EventDate "2001.08.21"]

1.d4 Nf6 2.c4 c6 3.Nc3 d5 4.Nf3 Nbd7 5.cxd5 cxd5 6.Bf4 e6 7.e3 Be7 8.Bd3 
Nh5 9.Be5 Nhf6 10.O-O O-O 11.Rc1 Nxe5 12.dxe5 Nd7 13.Ne2 Qb6 14.Qc2 h6 15.
Nf4 Nc5 16.Bh7+ Kh8 17.Qb1 Bd7 18.Nd4 Rac8 19.b3 a5 20.a4 Rc7 21.Bg6 Kg8 
22.Bh5 Ne4 23.Bf3 Nd2 24.Rxc7 Qxc7 25.Qc1 Nxf3+ 26.Nxf3 Qb6 27.Nd4 Rc8 28.
Qd1 Qc7 29.Qh5 Be8 30.h4 Bf8 31.Nd3 Qb6 32.Qg4 Rc3 33.Rd1 Qc7 34.h5 Qb6 
35.Nf4 Qb4 36.Kh2 Be7 37.Ndxe6 fxe6 38.Rd4 Qb6 39.Nxe6 Bf8 40.Rf4 Bf7 41.
Rxf7 Kxf7 42.Qf5+ Ke7 43.Nxf8 Qb4 44.Ng6+ Kd8 45.e6 Rc7 46.Qf7 Re7 47.
Qxe7+ Qxe7 48.Nxe7 Kxe7 49.f4 Kxe6 50.g4 1-0

[Event "XIII Festival A"]
[Site "Porto San Giorgio ITA"]
[Date "2001.08.24"]
[Round "4"]
[White "Lauria, Amilcare"]
[Black "Bridger, Michael J."]
[Result "1-0"]
[WhiteElo "2159"]
[BlackElo "2058"]
[PlyCount "45"]
[EventDate "2001.08.21"]

1.e4 e6 2.d4 d5 3.Nc3 Bb4 4.e5 c5 5.a3 Bxc3+ 6.bxc3 Qc7 7.Nf3 Ne7 8.Bd3 
Bd7 9.a4 Nbc6 10.O-O O-O 11.Ng5 g6 12.Qg4 Nf5 13.Qh3 h5 14.g4 Ng7 15.gxh5 
gxh5 16.Nh7 Rfb8 17.Nf6+ Kf8 18.Kh1 Ne8 19.Nh7+ Kg7 20.Rg1+ Kh8 21.Qxh5 
Ng7 22.Qh6 Nf5 23.Bxf5 1-0

[Event "XIII Festival A"]
[Site "Porto San Giorgio ITA"]
[Date "2001.08.24"]
[Round "4"]
[White "Martorelli, Antonio"]
[Black "D'Innocente, Stefano"]
[Result "0-1"]
[WhiteElo "2304"]
[BlackElo "2123"]
[PlyCount "65"]
[EventDate "2001.08.21"]

1.e4 e5 2.Nf3 Nc6 3.Bb5 Nf6 4.O-O Nxe4 5.d4 Nd6 6.Ba4 e4 7.Ne5 Be7 8.Nc3 
O-O 9.f3 e3 10.Bb3 Nxe5 11.dxe5 Nf5 12.g4 Bc5 13.Kh1 Nd4 14.Bc4 Nc6 15.f4 
d6 16.Ne4 Bb6 17.exd6 cxd6 18.Nxd6 Bxg4 19.Qxg4 Qxd6 20.b3 Bd4 21.Rb1 Rae8
22.Bb2 Bxb2 23.Rxb2 Kh8 24.Rbb1 f5 25.Qg2 Rf6 26.Rbd1 Qe7 27.Rfe1 Rd6 28.
Rxd6 Qxd6 29.Qh3 Qxf4 30.Bf7 Re5 31.Qg2 Re7 32.Rf1 Qc7 33.Qd5 0-1

[Event "XIII Festival A"]
[Site "Porto San Giorgio ITA"]
[Date "2001.08.24"]
[Round "4"]
[White "Marzano, Carlo"]
[Black "Faraoni, Enrico"]
[Result "1-0"]
[WhiteElo "2253"]
[BlackElo "2173"]
[PlyCount "81"]
[EventDate "2001.08.21"]

1.d4 g6 2.Nf3 Bg7 3.c4 Nf6 4.Nc3 O-O 5.e4 d6 6.Be2 e5 7.d5 a5 8.Bg5 h6 9.
Bh4 Qe8 10.Nd2 Na6 11.O-O Nh7 12.a3 Bd7 13.b3 f5 14.exf5 gxf5 15.Bh5 Qc8 
16.Be7 Re8 17.Bh4 Rf8 18.Be7 Re8 19.Bxe8 Qxe8 20.Bh4 e4 21.Rc1 Nc5 22.Rc2 
Ng5 23.Bg3 Qg6 24.Kh1 a4 25.b4 Nb3 26.Nb5 c6 27.Nxd6 Nd4 28.Ra2 cxd5 29.
cxd5 b6 30.N2c4 Rd8 31.Nxb6 Bb5 32.Nxb5 Qxb6 33.Bc7 Qxb5 34.Bxd8 Qxd5 35.
Bxg5 Qxa2 36.Bxh6 Bf6 37.Qxa4 Kf7 38.Be3 Qe2 39.Qd7+ Be7 40.Rc1 Ne6 41.h3 
1-0

[Event "XIII Festival A"]
[Site "Porto San Giorgio ITA"]
[Date "2001.08.24"]
[Round "4"]
[White "Mola, Pietro"]
[Black "Del Dotto, Riccardo"]
[Result "1/2-1/2"]
[WhiteElo "2261"]
[BlackElo "2175"]
[PlyCount "31"]
[EventDate "2001.08.21"]

1.e4 c5 2.b4 cxb4 3.d4 d5 4.e5 Nc6 5.Be3 Bf5 6.Ne2 e6 7.Ng3 Bg6 8.h4 f5 9.
Ne2 Be7 10.h5 Bf7 11.Nf4 Qb6 12.Be2 O-O-O 13.Kf1 Nh6 14.a3 Rhf8 15.axb4 
Bxb4 16.c3 1/2-1/2

[Event "XIII Festival A"]
[Site "Porto San Giorgio ITA"]
[Date "2001.08.24"]
[Round "4"]
[White "Ortega, Lexy"]
[Black "Mrdja, Milan"]
[Result "1/2-1/2"]
[WhiteElo "2498"]
[BlackElo "2399"]
[PlyCount "94"]
[EventDate "2001.08.21"]

1.d4 Nf6 2.c4 g6 3.Nc3 Bg7 4.e4 d6 5.Bd3 O-O 6.Nge2 c5 7.d5 e6 8.Bg5 exd5 
9.Nxd5 Be6 10.Nec3 Nbd7 11.Qd2 Re8 12.O-O a6 13.Rad1 Bxd5 14.Nxd5 Qb8 15.
Nc3 Ne5 16.Be2 Nc6 17.Qf4 Re6 18.Rd3 Nd4 19.Bd1 b5 20.Bh6 bxc4 21.Bxg7 
Kxg7 22.Rh3 h5 23.g4 d5 24.Qxb8 Rxb8 25.exd5 hxg4 26.dxe6 gxh3 27.e7 Re8 
28.Re1 Nc6 29.f3 Rxe7 30.Rxe7 Nxe7 31.Be2 Ned5 32.Nxd5 Nxd5 33.Bxc4 Nc7 
34.Kf2 a5 35.Kg3 Ne8 36.Kxh3 Nd6 37.Bd5 g5 38.f4 f6 39.Kg4 Kg6 40.f5+ Kh6 
41.Be6 Kg7 42.h4 gxh4 43.Kxh4 Kf8 44.Kg4 Ke7 45.a4 Ne4 46.Kf4 Nf2 47.b3 
Kd6 1/2-1/2

[Event "XIII Festival A"]
[Site "Porto San Giorgio ITA"]
[Date "2001.08.24"]
[Round "4"]
[White "Parrella, Alfredo"]
[Black "Sibilio, Mario"]
[Result "0-1"]
[WhiteElo "2174"]
[BlackElo "2370"]
[PlyCount "50"]
[EventDate "2001.08.21"]

1.e4 g6 2.d4 Bg7 3.Nc3 d6 4.Be3 a6 5.Qd2 b5 6.a4 b4 7.Nd1 a5 8.c3 Nf6 9.f3
bxc3 10.bxc3 O-O 11.Bd3 e5 12.d5 c6 13.c4 cxd5 14.cxd5 Nxd5 15.exd5 e4 16.
Ra3 exd3 17.Qxd3 Nd7 18.f4 Re8 19.Nf3 Ba6 20.Qb1 Nc5 21.g3 Rb8 22.Qc2 Qc8 
23.Qa2 Nd3+ 24.Kd2 Qc1+ 25.Ke2 Rxe3+ 0-1

[Event "XIII Festival A"]
[Site "Porto San Giorgio ITA"]
[Date "2001.08.24"]
[Round "4"]
[White "Rago, Riccardo"]
[Black "Bagaturov, Giorgi"]
[Result "0-1"]
[WhiteElo "2220"]
[BlackElo "2489"]
[PlyCount "56"]
[EventDate "2001.08.21"]

1.e4 c5 2.Nf3 Nc6 3.d4 cxd4 4.Nxd4 Nf6 5.Nc3 d6 6.Be2 g6 7.Be3 Bg7 8.f3 
O-O 9.Qd2 d5 10.exd5 Nxd5 11.Nxc6 bxc6 12.Bd4 Bxd4 13.Qxd4 Qa5 14.O-O Nxc3
15.bxc3 Be6 16.Qb4 Qc7 17.c4 Rab8 18.Qa4 Qe5 19.Rfe1 Qc5+ 20.Kh1 Rb4 21.
Qa6 Rd8 22.Bd3 Bxc4 23.Bxc4 Rxc4 24.Rxe7 Rxc2 25.Ree1 Rdd2 26.Rg1 Qg5 27.
Qa4 h5 28.Rae1 h4 0-1

[Event "XIII Festival A"]
[Site "Porto San Giorgio ITA"]
[Date "2001.08.24"]
[Round "4"]
[White "Razuvaev, Yuri S."]
[Black "Tomescu, Vlad"]
[Result "1/2-1/2"]
[WhiteElo "2549"]
[BlackElo "2417"]
[PlyCount "54"]
[EventDate "2001.08.21"]

1.d4 Nf6 2.c4 g6 3.Nc3 d5 4.cxd5 Nxd5 5.e4 Nxc3 6.bxc3 Bg7 7.Bb5+ c6 8.Ba4
O-O 9.Ne2 e5 10.O-O Qe7 11.Qc2 Nd7 12.Be3 Re8 13.f3 b5 14.Bb3 Nb6 15.a4 
Nc4 16.Bxc4 bxc4 17.Rab1 f5 18.dxe5 Bxe5 19.f4 Bg7 20.e5 Be6 21.Nd4 Bd5 
22.Qa2 Qc7 23.a5 Rab8 24.h3 Bf8 25.a6 Rxb1 26.Rxb1 Rb8 27.Rxb8 Qxb8 
1/2-1/2

[Event "XIII Festival A"]
[Site "Porto San Giorgio ITA"]
[Date "2001.08.24"]
[Round "4"]
[White "Ristic, Nenad"]
[Black "Rausis, Igors"]
[Result "1/2-1/2"]
[WhiteElo "2424"]
[BlackElo "2463"]
[PlyCount "80"]
[EventDate "2001.08.21"]

1.e4 c6 2.d4 d5 3.Nd2 dxe4 4.Nxe4 Bf5 5.Ng3 Bg6 6.h4 h6 7.Nf3 Nf6 8.Ne5 
Bh7 9.Bd3 Bxd3 10.Qxd3 Nbd7 11.f4 e6 12.Bd2 Bd6 13.O-O-O Qc7 14.Ne4 Nxe4 
15.Qxe4 Nf6 16.Qe2 O-O-O 17.g4 c5 18.dxc5 Bxc5 19.Kb1 Rhe8 20.g5 Nd5 21.c4
Nb6 22.Ba5 f6 23.gxf6 gxf6 24.Rxd8+ Rxd8 25.Nd3 Qc6 26.Re1 Rd6 27.b4 Bd4 
28.b5 Qd7 29.Bb4 Bc3 30.Bxc3 Rxd3 31.Bxf6 Nxc4 32.Rc1 Qxb5+ 33.Ka1 Qd5 34.
f5 e5 35.Bxe5 b5 36.f6 Kb7 37.f7 Re3 38.Qxe3 Nxe3 39.f8=Q Qxe5+ 40.Kb1 
Qe4+ 1/2-1/2

[Event "XIII Festival A"]
[Site "Porto San Giorgio ITA"]
[Date "2001.08.24"]
[Round "4"]
[White "Scalcione, Michelangelo"]
[Black "Iordachescu, Viorel"]
[Result "0-1"]
[WhiteElo "2249"]
[BlackElo "2562"]
[PlyCount "98"]
[EventDate "2001.08.21"]

1.Nf3 c5 2.c4 Nc6 3.d4 cxd4 4.Nxd4 g6 5.e4 d6 6.Nc3 Nf6 7.Be2 Nxd4 8.Qxd4 
Bg7 9.Bg5 O-O 10.Qd2 Be6 11.O-O a5 12.Rac1 a4 13.f3 Nd7 14.Be3 Qa5 15.Rfd1
Rfc8 16.Nb5 Nc5 17.Rc2 Qxd2 18.Bxd2 f5 19.Bg5 Kf7 20.exf5 gxf5 21.Re1 Bd7 
22.Rd2 Ne6 23.f4 Nxg5 24.fxg5 Rc5 25.Bf3 Be5 26.Rd5 Rxd5 27.Bxd5+ Kg6 28.
h4 Rb8 29.Kf2 e6 30.Bf3 Rc8 31.b3 b6 32.Na3 h6 33.gxh6 Kxh6 34.Rd1 Kg6 35.
Rd2 Kf6 36.Rd1 Ke7 37.Ke3 Bg3 38.h5 e5 39.Rb1 e4 40.Be2 Ra8 41.b4 Bc6 42.
b5 Bb7 43.Rf1 Rf8 44.Nc2 Be5 45.Rh1 f4+ 46.Kf2 Rg8 47.Rg1 Rg3 48.a3 Rc3 
49.Rc1 e3+ 0-1

[Event "XIII Festival A"]
[Site "Porto San Giorgio ITA"]
[Date "2001.08.24"]
[Round "4"]
[White "Schweiger, Georg"]
[Black "Cazzaniga, Walter"]
[Result "0-1"]
[WhiteElo "2179"]
[BlackElo "2125"]
[PlyCount "62"]
[EventDate "2001.08.21"]

1.e4 e6 2.Qe2 c5 3.Nf3 Nc6 4.g3 g6 5.Bg2 Bg7 6.O-O Nge7 7.d3 O-O 8.c3 Rb8 
9.Be3 d6 10.a4 b6 11.d4 Qc7 12.Na3 a6 13.Rac1 e5 14.b4 exd4 15.cxd4 Nxb4 
16.e5 Ned5 17.exd6 Qxd6 18.dxc5 Qe7 19.Rfe1 Nxe3 20.Qxe3 Qxe3 21.Rxe3 bxc5
22.Rxc5 Rd8 23.h3 Be6 24.Ne5 Rd1+ 25.Kh2 Bxe5 26.Rcxe5 Nd3 27.Ra5 Rb2 28.
Rxa6 Rxf2 29.Raxe6 fxe6 30.Nc4 Ne1 31.h4 Nxg2 0-1

[Event "XIII Festival A"]
[Site "Porto San Giorgio ITA"]
[Date "2001.08.24"]
[Round "4"]
[White "Ventura, Sergio"]
[Black "Efimov, Igor"]
[Result "0-1"]
[WhiteElo "2192"]
[BlackElo "2474"]
[PlyCount "62"]
[EventDate "2001.08.21"]

1.f4 d5 2.b3 c5 3.e3 d4 4.e4 e5 5.Nf3 exf4 6.Bc4 Nc6 7.O-O g5 8.d3 h6 9.b4
cxb4 10.a3 Nf6 11.Bb2 Ng4 12.Qc1 Ne3 13.Rf2 Nxc4 14.dxc4 bxa3 15.Bxa3 Bxa3
16.Rxa3 Be6 17.Nbd2 Qe7 18.Qa1 O-O 19.Ne1 f5 20.Re2 Qf7 21.exf5 Bxc4 22.
Nd3 Bxd3 23.cxd3 Qxf5 24.Ne4 Rad8 25.Rb3 Rd7 26.Rc2 f3 27.Rc5 Qf4 28.Rb2 
Qe3+ 29.Rf2 fxg2 30.Qa2+ Kg7 31.Kxg2 Rxf2+ 0-1

[Event "XIII Festival A"]
[Site "Porto San Giorgio ITA"]
[Date "2001.08.24"]
[Round "4"]
[White "Zaja, Ivan"]
[Black "Todorov, Ognjan"]
[Result "1/2-1/2"]
[WhiteElo "2488"]
[BlackElo "2349"]
[PlyCount "48"]
[EventDate "2001.08.21"]

1.d4 d5 2.c4 dxc4 3.e3 Nf6 4.Bxc4 e6 5.Nf3 c5 6.Nc3 a6 7.Bd3 Nbd7 8.a4 b6 
9.O-O Bb7 10.Qe2 Be7 11.Rd1 Qb8 12.Bc2 O-O 13.h3 Rd8 14.e4 cxd4 15.Rxd4 
Bc5 16.Rd1 Qc7 17.Bg5 h6 18.Be3 Ne5 19.Bf4 Nxf3+ 20.Qxf3 Qe7 21.Be5 Rxd1+ 
22.Rxd1 Rd8 23.Qg3 Nh5 24.Qf3 Nf6 1/2-1/2